书目信息 |
| 题名: |
漫画生命复制
|
|
| 作者: | 吴宗正 , 何文荣 著 | |
| 分册: | ||
| 出版信息: | 北京 生活·读书·新知三联书店 1998.11 |
|
| 页数: | 133页 | |
| 开本: | 20cm | |
| 丛书名: | ||
| 单 册: | ||
| 中图分类: | Q78-49 | |
| 科图分类: | ||
| 主题词: | 遗传工程 | |
| 电子资源: | ||
| ISBN: | 7-108-01238-3 | |
| 000 | 00596nam0 2200205 45 | |
| 001 | 0204231506 | |
| 005 | 20020423150538.4 | |
| 010 | @a7-108-01238-3@d8.50元 | |
| 100 | @a20020423d1998 km y0chiy0120 ea | |
| 101 | 0 | @achi |
| 105 | @a z 000yy | |
| 200 | 1 | @a漫画生命复制@AMan Hua Sheng Ming Fu Zhi@f吴宗正,何文荣 著@FWu Zong Zheng,He Wen Rong Zhu |
| 210 | @a北京@c生活·读书·新知三联书店@d1998.11 | |
| 215 | @a133页@d20cm | |
| 606 | 0 | @a遗传工程 |
| 690 | @aQ78-49@v3 | |
| 701 | 0 | @a吴宗正@4著 |
| 701 | 0 | @a何文荣@4著 |
| 801 | @aCN@bPftUser@c20020423 | |
| 905 | @aBZT@b77889-891@dQ78-49@e1@f3 | |
| 漫画生命复制/吴宗正,何文荣 著.-北京:生活·读书·新知三联书店,1998.11 |
| 133页;20cm |
| ISBN 7-108-01238-3:8.50元 |
| ● |
| 相关链接 |
|
|
|
正题名:漫画生命复制
索取号:Q78-49/1
 
预约/预借
| 序号 | 登录号 | 条形码 | 馆藏地/架位号 | 状态 | 备注 |
| 1 | 77889 | 200654817 | 中心书库中库/ 中库042架B面2列2层58/ [索取号:Q78-49/1] | 在馆 | |
| 2 | 77890 | 200654808 | 中心书库中库/ 中库042架B面2列2层59/ [索取号:Q78-49/1] | 在馆 | |
| 3 | 77891 | 200654791 | 中心书库中库/ 中库042架B面2列2层57/ [索取号:Q78-49/1] | 在馆 |